LDR 00782naa#a2200181#i#450# 001 EN\\bibl\20309 005 20260701185907.3 100 ## _a20260630b2026####ek#y0engy0150####ca 102 ## _aRU 200 1# _aCOMPARISON OF MAX31865ATP AND MAX31855 CHIPS _eConference article/thesis 210 1# _aVoronezh _cFSBE Institution of Higher Education Voronezh State University of Forestry and Technologies named after G.F. Morozov _d2026 215 ## _a9 с. 608 ## _aConference article/thesis _2local 675 ## _aИнформационные технологии. Компьютерные технологии. Теория вычислительных машин и систем. 004 _z 700 #1 _aSimonenko _gA. A. 700 #1 _aPopov _gM. V. 700 #1 _aYagodkin _gA. Sergeevich 856 4# _abibl.vgltu.ru _u